| 000 | 01329nam a2200325 i 4500 | ||
|---|---|---|---|
| 001 | 193717 | ||
| 003 | SpMaBN | ||
| 005 | 20240209063131.0 | ||
| 007 | ta | ||
| 008 | 240207s1976 fr fre | ||
| 016 | 7 |
_abimoBNE19982202950 _zIND9200398202 _2SpMaBN |
|
| 035 | _a(OCoLC)431687938 | ||
| 035 | _abimo0000973858 | ||
| 040 |
_aSpMaBN _bspa _cA2 _dES-MaACL |
||
| 080 | _a1 Xirau Palau, Joaquim | ||
| 100 | 1 |
_aGuy, Reine _0XX1299414 _9235089 _eaut |
|
| 245 | 1 | 0 |
_aAxiologie et métaphysique selon Joaquim Xirau : _bLe personnalisme contemporain de l'Ecole de Barcelone / _cPréface de Jean-Marc Gabaude... |
| 260 |
_aToulouse : _bAssociation des Publications de l'Université de Toulouse-le Mirail, _c1976. |
||
| 300 |
_aXII, 309 p., 1 h. ; _c24 cm |
||
| 336 |
_2rdacontent _atexto |
||
| 337 |
_2rdamedia _asin mediación |
||
| 338 |
_2rdacarrier _avolumen |
||
| 490 | 1 |
_aPublications de l'Université de Toulouse-le Mirail. Série A ; _vt. 33 |
|
| 600 | 1 | 7 |
_aXirau, Joaquín _d1895-1946 _xCrítica e interpretación _2embne _9235090 |
| 830 |
_aPublications de l'Université de Toulouse-le Mirail. _nSérie A _9235091 _v33 |
||
| 852 |
_aES-MaACL _cDEPO2 _jA-15102 _9201251 |
||
| 942 |
_n0 _cMONOGRAFIA |
||
| 999 |
_c193717 _d193717 |
||